| 000 | 00643nam a2200133 4500 | ||
|---|---|---|---|
| 008 | 02006 2006 0a 000 0MEX | ||
| 050 | _aHD30.4 MR5 B4 2006 | ||
| 082 | _a658.455 B4p | ||
| 100 | _aBenitez Leana, Manuel | ||
| 245 | _aPropuesta de Campaña Publicitaria Para Introduccion del Programa PorQue Lo Quiero... Morelos Limpio / Manuel Benitez Leana | ||
| 300 | _a72 p. / 28 cm | ||
| 502 | _aPropuesta de Campaña Publicitaria Para Introduccion del Programa PorQue Lo Quiero... Morelos Limpio I.T.Z. (Lic. Administracion) L.A.E.T. Alma Rosa Susana Huicochea Alonso | ||
| 650 | _a1. CAMPAÑAS PUBLICITARIAS. 2. SECRETARIA DE TURISMO | ||
| 999 |
_c19849 _d19849 |
||